|
|
|
|
| LEADER |
01182nam a2200253 a 4500 |
| 001 |
008768061 |
| 008 |
091231s1989 enka b 001 0 eng d |
| 020 |
|
|
|a 0719912431
|
| 040 |
|
|
|a Uk
|c Uk
|d BD-DhAAL
|
| 082 |
0 |
4 |
|a 307/.14/0942
|2 19
|
| 100 |
1 |
|
|a Broady, Maurice,
|d 1926-
|
| 245 |
1 |
0 |
|a Working partnerships :
|b community development in local authorities /
|c Maurice Broady & Rodney Hedley ; illustrations by David Austin.
|
| 260 |
|
|
|a London :
|b Published in association with the National Coalition for Neighbourhoods by Bedford Square,
|c 1989.
|
| 300 |
|
|
|a viii,166p. :
|b ill. ;
|c 22cm.
|
| 490 |
0 |
|
|a Community action
|
| 504 |
|
|
|a Includes bibliographical references and index.
|
| 541 |
1 |
|
|e 00006452
|
| 650 |
|
0 |
|a Community development
|z England.
|
| 650 |
|
0 |
|a Volunteer workers in community development
|z England.
|
| 700 |
1 |
|
|a Hedley, Rodney.
|
| 710 |
2 |
|
|a National Coalition for Neighbourhoods.
|
| 852 |
4 |
|
|a Ayesha Abed Library
|j General shelf
|
| 999 |
|
|
|c 6591
|d 6591
|
| 952 |
|
|
|0 0
|1 0
|2 ddc
|4 0
|6 307_140942000000000_BRO_1989
|7 0
|9 6705
|a BRACUL
|b BRACUL
|c GEN
|d 2009-12-31
|g 0.00
|l 1
|m 1
|o 307.140942 BRO
|p 3010006452
|r 2024-01-29
|s 2024-01-23
|t 1
|w 2009-12-31
|y BK
|x No price found in the accession register.
|